Humoristes Français de A à Z - Statistiques

Statistiques générales
  • Ce quiz a été pris 674 fois
  • Le résultat moyen est 11 sur 23
Statistiques - réponses
Lettres Indices Humoristes français % Correct
C Restos du Cœur - Accident mortel Coluche
89%
Y Fatal Bazooka Michaël Youn
76%
D "... Comedy Club" Jamel Debbouze
74%
J "H" - Membre d'un duo Eric Judor
70%
H TPMP - Complément d'enquête Cyril Hanouna
66%
M "Salam les rhoyas" Paul Mirabel
62%
B Humour noir - Blague beauf Jean-Marie Bigard
59%
A "J'ai arrêté un bus avec ma tête" Artus
55%
K Bref Kyan Khojandi
54%
E Marcelo / The Weekend Fabrice Éboué
53%
P Marionette Jeff Panacloc
53%
O Youtube - Mentaliste Fabien Olicard
52%
S "L'Ascension" Ahmed Sylla
48%
I Russe - Conseillère d'orientation Alban Ivanov
47%
N "Case départ" Thomas Ngijol
43%
Z "En place" - "Tout simplement noir" Jean-Pascal Zadi
41%
G Youtube - Réseaux Sociaux - Mirador Freddy Gladieux
39%
T On ne demande qu'à en rire Arnaud Tsamere
37%
F CLIQUE - CANAL + Roman Frayssinet
29%
L Chanteuse Camille Lellouche
19%
R "Vivement Dimanche Prochain" Anne Roumanoff
17%
W Quotidien - Canal + Alison Wheeler
16%
V "En chantier" - "Focus" Vérino
6%
Aucun quiz correspondant
Distribution des résultats
% des personnes avec chaque résultat
Percentile par nombre de réponses
Votre historique - résultats
Vous n’avez pas pris ce quiz